Obras completas, xii : enero-junio de 1907 /

Guardado en:
Autor Principal: Lenin, V. I.
Formato: Libro
Publicado: Buenos Aires : Cartago, 1969
Materias:
Etiquetas: Agregar Etiqueta
Sin Etiquetas, Sea el primero en etiquetar este registro!
LEADER 00523nam a22001815a 4500
001 EHU.bham043821
003 AR-BHAM
005 20160407121852.0
008 130507s1969##################000#0#####d
082 3 3 |a 335.43 
100 1 |a Lenin, V. I. 
245 1 0 |a Obras completas, xii :  |b enero-junio de 1907 /  |c  V. I. Lenin 
260 |a Buenos Aires :  |b Cartago,  |c 1969 
300 |a 518 p. 
653 |a Leninismo 
653 |a Marxismo 
653 |a Comunismo 
859 |a AR-BHAM  |b BIB. HUMANIDADES - General  |h 335.43  |i L547-8  |p 101.16  |t Ej.1  |v XII  |3 XII